000 00941nam a2200229Ii 4500
003 JO-AjNU
008 230605s9999||||xx |||||||||||||| ||und||
017 _a2003/18720
020 _a977-305-604-X
040 _aJO-AjNU
_bara
_erda
_cJO-AjNU
041 _aara
050 1 4 _aPJ8210.D593 2003
100 3 _aجمع وتعليق سليم، عبد الستار,
_eauthor
_939020
245 0 0 _aديوان فن الواو
264 3 1 _aالقاهرة:مكتبة الدراسات،2003
300 _a208ص
336 _atext
_btxt
_2rdacontent
337 _aunmediated
_bn
_2rdamedia
338 _avolume
_bnc
_2rdacarrier
490 0 _aسلسلة شهرية تصدر عن الهيئة العامة لقصور الثقافة تعنى بنشر الدراسات المتعلقة بالفولكلور ونصوص وسير وحكايات وملاحم الأدب الشعبي 85
650 4 _aالشعر العربي - فنون القول
_939021
999 _aA16444
_c20012
_d20012